000
00289nam a2200121Ia 4500
005
20251222144758.0
008
251222s9999||||xx |||||||||||||| ||spa||
082
_a
985.07/B13G
100
_a
Calmet, Lilia
245
0
_a
Perú Siglo XX:
264
_b
Ministerio de Educación
942
_c
LIB
999
_c
19594
_d
19594